000 00453nam a22001817a 4500
003 MPLRDC
005 20220104154029.0
008 210129b ||||| |||| 00| 0 eng d
082 _a538.82 GDW v.2
100 _a高登伟
245 _a中国民俗搜奇. 第二集
_c
250 _a五版
260 _a
_b金文图书有限公司
_c1970
300 _b
490 _a黄金文库. 14
650 _a中国风俗志
942 _cBK
_o538.82 GDW v.2
999 _c53755
_d53745